000 00632nam a2200253Ia 4500
008 170203s9999 xx 000 0 und d
020 _a9780545146067
050 _aFIc
050 _bB475n
100 _aBergen, Lara.
245 _aSophie the chatterbox /
245 _cby Lara Bergen ; illustrated by Laura Tallardy.
260 _aNew York :
260 _bScholastic,
260 _c2010
300 _a104 pages :
300 _billustrations ;
300 _c20 cm.
440 _aLittle apple.
650 _aHonesty --
650 _aSchools --
650 _xJuvenile fiction.
650 _xJuvenile fiction.
999 _c306397
_d306397